LEADER 01146nam--2200385---450- 001 990002018600203316 005 20040922152924.0 035 $a000201860 035 $aUSA01000201860 035 $a(ALEPH)000201860USA01 035 $a000201860 100 $a20040922d1960----km-y0itay0103----ba 101 $agrc 102 $aGB 105 $a||||||||001yy 200 1 $aCyropaedia$fXenophon$gwith an english translation by Walter Miller 210 $aLondon$cW. Heinemann$d1960 215 $av.$d17 cm 225 2 $a<> Loeb classical library 327 1 $a : Books 1-4. - XIII, 400 p. ; : Books 5-8. - V, 479 p. 410 0$12001$a<> Loeb classical library 454 1$12001 461 1$1001-------$12001 700 0$aXENOPHON$075253 702 1$aMILLER,$bWalter 801 0$aIT$bsalbc$gISBD 912 $a990002018600203316 951 $aVIII A 63(90$b12730 L.M.$cVIII A 951 $aVIII A 63(91$b12731 L.M.$cVIII A 959 $aBK 969 $aUMA 979 $aSIAV6$b10$c20040922$lUSA01$h1526 979 $aSIAV6$b10$c20040922$lUSA01$h1529 996 $aCyropaedia$920290 997 $aUNISA LEADER 01431nas 2200505 a 450 001 9910626179203321 005 20240413021242.0 011 $a2376-676X 035 $a(CKB)954928624320 035 $a(CONSER) 85644399 035 $a(MiAaPQ)41308 035 $a(EXLCZ)99954928624320 100 $a19841214b19851996 uy a 101 0 $aeng 181 $ctxt$2rdacontent 182 $cc$2rdamedia 183 $acr$2rdacarrier 200 00$aAT & T technical journal 210 $aNew York, NY $cAT & T$dc1985-c1996 215 $a1 online resource 300 $aTitle from cover. 300 $aRefereed/Peer-reviewed 311 08$aPrint version: AT & T technical journal. 8756-2324 (DLC)###85644399# (OCoLC)11492357 606 $aTelecommunication$vPeriodicals 606 $aElectrical engineering$vPeriodicals 606 $aComputers 606 $aTechnology 606 $aTelecommunications 606 $aTelecommunicatie$2gtt 606 $aTelefonie$2gtt 608 $aPeriodical. 615 0$aTelecommunication 615 0$aElectrical engineering 615 2$aComputers. 615 2$aTechnology. 615 2$aTelecommunications. 615 17$aTelecommunicatie. 615 17$aTelefonie. 676 $a621.38/05 712 02$aAT & T. 906 $aJOURNAL 912 $a9910626179203321 920 $aexl_impl conversion 996 $aAT & T technical journal$9104846 997 $aUNINA